| 000 | 00897nam a2200205Ii 4500 | ||
|---|---|---|---|
| 003 | JO-AjNU | ||
| 008 | 230605s9999||||xx |||||||||||||| ||und|| | ||
| 040 |
_aJO-AjNU _bara _erda _cJO-AjNU |
||
| 041 | _aara | ||
| 050 | 1 | 4 | _aPJ6101.I8622 1983 |
| 100 | 3 |
_aتاليف عبد الرحيم بن الحسن، جمال الدين؛حققه عبد الرزاق السعدي؛ مراجعة عبد الستار أبو غدة, _eauthor _943733 |
|
| 245 | 0 | 0 | _aالكوكب الدري في تخرج الفروع الفقهية على المسائل النحوية للاسنوي |
| 250 | _aط1 | ||
| 264 | 3 | 1 | _aد.م: وزارة الاوقاف والشؤون الاسلامية، 1984 |
| 300 | _a622ص | ||
| 336 |
_atext _btxt _2rdacontent |
||
| 337 |
_aunmediated _bn _2rdamedia |
||
| 338 |
_avolume _bnc _2rdacarrier |
||
| 650 | 4 |
_aاللغة العربية-النحو-الفقة الاسلامي _943734 |
|
| 999 |
_aA18822 _c22390 _d22390 |
||